书目信息 |
| 题名: |
化学反应工程
|
|
| 作者: | 陈甘棠 主编 | |
| 分册: | ||
| 出版信息: | 北京 化学工业出版社 1990 |
|
| 页数: | 381 | |
| 开本: | 26cm | |
| 丛书名: | ||
| 单 册: | ||
| 中图分类: | TQ031 | |
| 科图分类: | ||
| 主题词: | 化学反应过程 | |
| 电子资源: | ||
| ISBN: | 7-5025-0785-X | |
| 000 | 00522nam0 2200181 450 | |
| 001 | 0754114953 | |
| 005 | 20070929150154.95 | |
| 010 | @a7-5025-0785-X | |
| 100 | @a20070929d km y0chiy0120 ea | |
| 101 | 0 | @achi |
| 200 | 1 | @a化学反应工程@Ahua xue fan ying gong cheng@f陈甘棠 主编@Fchen gan tang zhu bian |
| 210 | @a北京@c化学工业出版社@d1990 | |
| 215 | @a381@c插图@d26cm | |
| 606 | 0 | @a化学反应过程 |
| 690 | @aTQ031@v3 | |
| 701 | 0 | @a陈甘棠@Achen gan tang@4主编 |
| 801 | 0 | @aCN@bPFT@c20070929 |
| 905 | @a213230@dTQ031@eh11@f1 | |
| 化学反应工程/陈甘棠 主编.-北京:化学工业出版社,1990 |
| 381:插图;26cm |
| ISBN 7-5025-0785-X: |
| ● |
| 相关链接 |
|
|
|
|
正题名:化学反应工程
索取号:TQ031/h11
 
预约/预借
| 序号 | 登录号 | 条形码 | 馆藏地/架位号 | 状态 | 备注 |
| 1 | 6000541 | 260005416 | 化学系资料室/ [索取号:TQ031/h11] | 在馆 |